<?xml version="1.0" encoding="UTF-8"?>
<record
    xmlns:xsi="http://www.w3.org/2001/XMLSchema-instance"
    xsi:schemaLocation="http://www.loc.gov/MARC21/slim http://www.loc.gov/standards/marcxml/schema/MARC21slim.xsd"
    xmlns="http://www.loc.gov/MARC21/slim">

  <leader>01951    a2200229   4500</leader>
  <controlfield tag="001">41309</controlfield>
  <controlfield tag="005">20260407155707.0</controlfield>
  <controlfield tag="008">260407a2015    arg                 spa d</controlfield>
  <controlfield tag="003">AR-UNSa-BCEJYS</controlfield>
  <datafield tag="040" ind1=" " ind2=" ">
    <subfield code="a">AR-UNSa-BCEJYS</subfield>
    <subfield code="b">spa</subfield>
    <subfield code="c">AR-UNSa-BCEJYS</subfield>
  </datafield>
  <datafield tag="080" ind1=" " ind2=" ">
    <subfield code="a">347.1/7(094.4)</subfield>
    <subfield code="x">C&#xF3;digo Civil y Comercial</subfield>
  </datafield>
  <datafield tag="245" ind1="1" ind2="0">
    <subfield code="a">Temas de derecho civil, persona y patrimonio</subfield>
    <subfield code="p">Derechos reales</subfield>
  </datafield>
  <datafield tag="264" ind1=" " ind2="1">
    <subfield code="a">Buenos Aires :</subfield>
    <subfield code="b">Erreius</subfield>
    <subfield code="c">2015</subfield>
  </datafield>
  <datafield tag="300" ind1=" " ind2=" ">
    <subfield code="a">108 p.</subfield>
    <subfield code="c">26 cm.</subfield>
  </datafield>
  <datafield tag="505" ind1=" " ind2=" ">
    <subfield code="a">1. Una mirada fiscal acerca del derecho real de superficie / Daniel Barbato - 2. Los derechos reales de uso y abilitaci&#xF3;n bajo la lupa de la ley 26944 / Roc&#xED;o Bintureira - 3. Dominio imperfecto / Romina G. de Lara - 4. Los derechos reales de garant&#xED;a en el derecho nacional vigente / Miryam A. Farina - 5. El r&#xE9;gimen legal de los bienes muebles en el nuevo C&#xF3;digo Civil y Comercial / Mar&#xED;a A. Galatro - 6. El tiempo compartido a la luz del C&#xF3;digo Civil y Comercial / Ethel Humphreys y Edgardo - 7. El acceso a la tierra, piedra angular del derecho ind&#xED;gena / Ver&#xF3;nica Kozak y Gustavo J. Valdes - 8. Conjuntos inmobiliarios / Andr&#xE9;s Mastronardi - 9. Consideraciones cr&#xED;ticas en torno al derecho real de superficie en el C&#xF3;digo unificado / Adriana S. Mor&#xF3;n - 10. Efectos de las relaciones de poder en el C&#xF3;digo Civil y Comercial de la Naci&#xF3;n / Leandro S. Picado y Fabi&#xE1;n M. Loiza - 11. Principales innovaciones del C&#xF3;digo Civil y Comercial de la Naci&#xF3;n en materia de propiedad horizontal / Daiana Siciliano - 12. Los clubes de campo y su adecuaci&#xF3;n al derecho real como conjunto inmobiliario / Eduardo R. Romanello - 13. Las prohibiciones legales en materia de propiedad horizontal / Virginia M. Rodr&#xED;guez Alonso</subfield>
  </datafield>
  <datafield tag="041" ind1=" " ind2=" ">
    <subfield code="a">spa</subfield>
  </datafield>
  <datafield tag="942" ind1=" " ind2=" ">
    <subfield code="c">BK</subfield>
  </datafield>
  <datafield tag="590" ind1=" " ind2=" ">
    <subfield code="a">niveau_biblio:m niveau_hierar:0</subfield>
  </datafield>
  <datafield tag="100" ind1="1" ind2=" ">
    <subfield code="a">Humphreys, Ethel</subfield>
  </datafield>
  <datafield tag="700" ind1="1" ind2=" ">
    <subfield code="a">Clerc, Carlos M.</subfield>
  </datafield>
  <datafield tag="856" ind1="4" ind2="1">
    <subfield code="u">https://biblioeco.unsa.edu.ar/pmb/images/libros/E00023.jpg</subfield>
    <subfield code="y">Imagen de portada</subfield>
    <subfield code="q">image/jpeg</subfield>
  </datafield>
  <datafield tag="999" ind1=" " ind2=" ">
    <subfield code="c">3453</subfield>
    <subfield code="d">3453</subfield>
  </datafield>
  <datafield tag="952" ind1=" " ind2=" ">
    <subfield code="0">0</subfield>
    <subfield code="1">0</subfield>
    <subfield code="4">0</subfield>
    <subfield code="7">0</subfield>
    <subfield code="a">BCEJYS</subfield>
    <subfield code="b">BCEJYS</subfield>
    <subfield code="c">16</subfield>
    <subfield code="d">2026-04-07</subfield>
    <subfield code="l">0</subfield>
    <subfield code="o">E347.1/7(094.4) C629/ER v.1</subfield>
    <subfield code="p">E00023</subfield>
    <subfield code="r">2026-04-07 15:57:07</subfield>
    <subfield code="w">2026-04-07</subfield>
    <subfield code="y">L</subfield>
  </datafield>
  <datafield tag="952" ind1=" " ind2=" ">
    <subfield code="0">0</subfield>
    <subfield code="1">0</subfield>
    <subfield code="4">0</subfield>
    <subfield code="7">0</subfield>
    <subfield code="a">BCEJYS</subfield>
    <subfield code="b">BCEJYS</subfield>
    <subfield code="c">16</subfield>
    <subfield code="d">2026-04-07</subfield>
    <subfield code="l">0</subfield>
    <subfield code="o">E347.1/7(094.4) C629/ER v.2</subfield>
    <subfield code="p">E00024</subfield>
    <subfield code="r">2026-04-07 15:57:07</subfield>
    <subfield code="w">2026-04-07</subfield>
    <subfield code="y">L</subfield>
  </datafield>
</record>
